| 000 | 01293nam a2200241Ia 4500 | ||
|---|---|---|---|
| 999 |
_c44994 _d44994 |
||
| 001 | 11815 | ||
| 003 | GE_BSU | ||
| 005 | 20240619122502.0 | ||
| 008 | 181216s2014||||ge |||||||||||||| ||geo|| | ||
| 020 | _a9789941223662 | ||
| 040 | _cGE_BSU | ||
| 041 | _ageo | ||
| 080 | _a327(470:73) ი-76 | ||
| 100 |
_aირემაძე, გელა _922490 |
||
| 245 |
_aრუსეთის ფედერაცია და ამერიკის შეერთებული შტატები გლობალურ პოლიტიკაში : _bმონოგრაფია / _cგელა ირემაძე, რედ. ზურაბ კვეტენაძე. |
||
| 264 |
_aთბილისი : _bუნივერსალი, _c2014. |
||
| 300 |
_a182 გვ. ; _c20 სმ. |
||
| 504 | _aბიბლიოგრ. : გვ. 173-180 | ||
| 520 | _aრეზიუმე ინგლისურ ენაზე | ||
| 653 | _aრუსეთის ფედერაცია და ამერიკის შეერთებული შტატები გლობალურ პოლიტიკაში.[მონოგრაფია]. | ||
| 700 |
_aკვეტენაძე, ზურაბ _eავტორი _922495 |
||
| 942 |
_cBK _2udc |
||